Fluid mechanics for chemical engineers with Microfluidics and CFD / (Record no. 18513)
[ view plain ]
| 000 -LEADER | |
|---|---|
| fixed length control field | 01096nam a22002897a 4500 |
| 005 - DATE AND TIME OF LATEST TRANSACTION | |
| control field | 20201128021114.0 |
| 008 - FIXED-LENGTH DATA ELEMENTS--GENERAL INFORMATION | |
| fixed length control field | 141028t2006 xxua frb 001 0 eng d |
| 020 ## - INTERNATIONAL STANDARD BOOK NUMBER | |
| International Standard Book Number | 9780131482128 |
| 020 ## - INTERNATIONAL STANDARD BOOK NUMBER | |
| International Standard Book Number | 0131482122 |
| 040 ## - CATALOGING SOURCE | |
| Original cataloging agency | EG-ScBUE |
| 082 00 - DEWEY DECIMAL CLASSIFICATION NUMBER | |
| Edition number | 22 |
| Classification number | 660.29 |
| Item number | WIL |
| 100 1# - MAIN ENTRY--PERSONAL NAME | |
| Personal name | Wilkes, James O. |
| 9 (RLIN) | 36352 |
| 245 10 - TITLE STATEMENT | |
| Title | Fluid mechanics for chemical engineers with Microfluidics and CFD / |
| Statement of responsibility, etc | James O. Wilkes ; with contributions by Stacy G. Birmingham ... [et al.] |
| 250 ## - EDITION STATEMENT | |
| Edition statement | 2nd ed. |
| 260 ## - PUBLICATION, DISTRIBUTION, ETC. (IMPRINT) | |
| Place of publication, distribution, etc | Upper Saddle River, United States : |
| Name of publisher, distributor, etc | Prentice Hall Professional Technical Reference, |
| Date of publication, distribution, etc | c.2006. |
| 300 ## - PHYSICAL DESCRIPTION | |
| Extent | xvii, 755 p. : |
| Other physical details | ill. ; |
| Dimensions | 24 cm. |
| 490 0# - Series Statement | |
| Series statement | Prentice-Hall international series in the physical and chemical engineering sciences |
| 500 ## - GENERAL NOTE | |
| General note | Includes appendixes. |
| 500 ## - GENERAL NOTE | |
| General note | Index : p. 753-752. |
| 504 ## - BIBLIOGRAPHY, ETC. NOTE | |
| Bibliography, etc | Includes bibliographical references. |
| 650 #0 - SUBJECT ADDED ENTRY--TOPICAL TERM | |
| Topical term or geographic name as entry element | Chemical processes |
| 9 (RLIN) | 5532 |
| 650 #0 - SUBJECT ADDED ENTRY--TOPICAL TERM | |
| 9 (RLIN) | 878 |
| Topical term or geographic name as entry element | Fluid dynamics |
| 653 ## - INDEX TERM--UNCONTROLLED | |
| Resource For college | Engineering, Chemical |
| Arrived date list | October2014 |
| 655 ## - INDEX TERM--GENRE/FORM | |
| Form subdivision | |
| -- | 34232 |
| 700 1# - ADDED ENTRY--PERSONAL NAME | |
| Personal name | Birmingham, Stacy G. |
| Relator term | contributor. |
| 9 (RLIN) | 36361 |
| 942 ## - ADDED ENTRY ELEMENTS (KOHA) | |
| Source of classification or shelving scheme | Dewey Decimal Classification |
| Call number prefix | 660.29 WIL |
| Withdrawn status | Item status | Source of classification or shelving scheme | Damaged status | Not for loan | Vendor | Home library | Current library | Shelving location | Date acquired | Source of acquisition | Cost, normal purchase price | Total Checkouts | Full call number | Barcode | Date last seen | Cost, replacement price | Koha item type | Total Renewals | Date last borrowed | Serial Enumeration / chronology |
|---|---|---|---|---|---|---|---|---|---|---|---|---|---|---|---|---|---|---|---|---|
| Dewey Decimal Classification | Baccah | Central Library | Central Library | First floor | 28/10/2014 | 890.00 | 660.29 WIL | 000036850 | 15/07/2025 | 1112.50 | Book - Borrowing | |||||||||
| Dewey Decimal Classification | Baccah | Central Library | Central Library | First floor | 28/10/2014 | 890.00 | 1 | 660.29 WIL | 000036851 | 15/07/2025 | 1112.50 | Book - Borrowing | 2 | 26/09/2018 | ||||||
| Dewey Decimal Classification | Baccah | Central Library | Central Library | First floor | 28/10/2014 | 890.00 | 660.29 WIL | 000036852 | 15/07/2025 | 1112.50 | Book - Borrowing | |||||||||
| Dewey Decimal Classification | Baccah | Central Library | Central Library | First floor | 07/05/2018 | Purchase | 563.00 | 660.29 WIL | 000047709 | 15/07/2025 | 704.00 | Book - Borrowing | 21201 |